000 00933nam a22002657a 4500
005 2012101209379.0
008 121012t xxu||||| |||| 00| 0 eng d
010 _aENG-106076
020 _a9781259004995
_c450.00
020 _a1259004996
_c450.00
035 _aEN-89609
037 _bDBAD/PUB
040 _aDPL
_bEng
082 _a658.87
100 1 _aHarvinder Singh
_953047
245 1 0 _aMall management /
_cby Harvinder Singh [and] Srini R. Srinivasan
260 _aNew Delhi
_bTata McGraw Hill
_c2012
270 _a7 West Patel Nagar
_bNew Delhi
_e110008
300 _axviii,294 :
_c24cm(pbk)
_bill.
500 _aIncludes index
700 _aSrinivasan, Srini R.
_953071
942 _2ddc
_cEN
_h658.87
_mHAR
999 _c70871
_d70871